| 000 | 00718nam a2200277 a 4500 | ||
|---|---|---|---|
| 999 |
_c1556 _d1556 |
||
| 007 | ta | ||
| 008 | 200108t1983 xxka|||g |||| 001 0 eng d | ||
| 040 |
_aKO _beng |
||
| 041 | 0 | _aeng | |
| 044 | _axxk | ||
| 082 | 0 | 4 |
_223 _a623.8 _bK3201 |
| 100 | 1 | _aKemp, J. F. | |
| 245 | 1 | 0 |
_aNotes for the B. O. T. Examinations all subjects / _cJ. F. Kemp and P. Young |
| 260 |
_aLondon : _bKandy Publications , _c1983. |
||
| 300 |
_avarious pagination : _bill. ; _c21 cm |
||
| 504 | _aIncludes Index. | ||
| 650 | 0 | _aShipbuilding | |
| 650 | 0 | _aStability of ships | |
| 650 | 0 | _aSeamanship | |
| 650 | 0 | _aCargo handling | |
| 650 | 0 | _aMeteorology | |
| 700 |
_aYoung, P. _eaut |
||
| 904 | _aA_BOSE | ||
| 942 | _cBK | ||